01644nam a2200373 a 4500001001000000003000900010005001700019007000300036008004100039040003000080082001900110100005500129245007900184264003400263300002200297336002700319337003300346338002800379490006900407490002800476500005500504500007600559500003200635505006600667590002600733710005100759830007700810830003600887910000700923942001400930952011300944952019601057999001701253000045564DO-SdBNP20250120094525.0ta150415s1981 dr 000 0 spa d aDO-SdBNPbspacBNPHUerda axxxxbxxxx2221 aAvelino , Francisco Antonio, d1935-eautor95544010aCurso de historia del pensamiento político /cFrancisco Antonio Avelino. aSanto Domingo :bUASD,c1981. avolumen ;c21 cm. ardacontentbtexto2txt ardamediabsin mediación2n ardacarrierbvolumen2nc1 aPublicaciones de la Universidad Autónoma de Santo Domingov2071 aHistoria y sociedadv52 aIncluye bibliografía al final de cada capítulo aIncluye datos biográficos del autor en la solapa de la contracubierta aLa biblioteca posee el v. 10 gv. 1tDesde la más remota antigüedad hasta el siglo XVII. aInventariado, 2025/DG12aUniversidad Autónoma de Santo Domingo972951 0aPublicaciones de la Universidad Autónoma de Santo Domingo.n207973622 0aHistoria y sociedad.n52973623 aDG 2ddccLBS1 0010718PDaPDbPDcCTd2015-04-15iLF1l0oxxxx xxxxp45564-10r2020-06-25w2020-06-25yLFPDZNo se presta 00102ddc51708PDaBNPHUbBNPHUcCTd2025-01-20edeposito legall0oBNPHU PD C977p2025-0198r2025-01-20te.2w2025-01-20yLBS1zPertenecio a la biblioteca personal de Emilio Cordero Michel c45053d45053